Snapshot of local environmental quality (Record no. 71298)

MARC details
000 -LEADER
fixed length control field 01082cam a2200217 4500
001 - CONTROL NUMBER
control field WB3836-09
008 - FIXED-LENGTH DATA ELEMENTS--GENERAL INFORMATION
fixed length control field 021003n2002 000 0 eng u
035 ## - SYSTEM CONTROL NUMBER
System control number (Sirsi) u119985
245 ## - TITLE STATEMENT
Title Snapshot of local environmental quality
260 ## - PUBLICATION, DISTRIBUTION, ETC.
Date of publication, distribution, etc. 2002
490 ## - SERIES STATEMENT
Series statement DEFRA News Release
Volume/sequential designation 390/02 30 September 2002, (2)
520 ## - SUMMARY, ETC.
Summary, etc. Government has published the first comprehensive overview of the quality of England's local environment. The "Environmental quality survey for England, 2001-2002", was carried out by the environmental charity ENCAMS on behalf of DEFRA and graded local councils on their environmental performance. The results will enable local councils to target problem areas; the results also showed the councils were underperforming. The full results can be found at http://www.encams.org.
590 ## - LOCAL NOTE (RLIN)
Local note WB
650 ## - SUBJECT ADDED ENTRY--TOPICAL TERM
Topical term or geographic name entry element LOCAL AUTHORITIES
650 ## - SUBJECT ADDED ENTRY--TOPICAL TERM
Topical term or geographic name entry element PUBLIC AMENITIES
650 ## - SUBJECT ADDED ENTRY--TOPICAL TERM
Topical term or geographic name entry element POLLUTION CONTROL
650 ## - SUBJECT ADDED ENTRY--TOPICAL TERM
Topical term or geographic name entry element LOCAL ENVIRONMENT
690 ## - LOCAL SUBJECT ADDED ENTRY--TOPICAL TERM (OCLC, RLIN)
Topical term or geographic name as entry element ENVIRONMENTAL AND LAND CONSULTANCY
856 ## - ELECTRONIC LOCATION AND ACCESS
Host name http://www.defra.gov.uk/news/2002/020930a.htm
942 ## - ADDED ENTRY ELEMENTS (KOHA)
Suppress in OPAC 0
Holdings
Withdrawn status Lost status Source of classification or shelving scheme Damaged status Not for loan Home library Current library Shelving location Date acquired Total Checkouts Full call number Barcode Date last seen Copy number Price effective from Koha item type
    Dewey Decimal Classification     London London News article 03/10/2002   WB3836-09 119985-1001 06/08/2019 1 06/08/2019 News article